Social Economic Offences (Record no. 21284)

MARC details
000 -LEADER
fixed length control field 00286nam a22001217a 4500
008 - FIXED-LENGTH DATA ELEMENTS--GENERAL INFORMATION
fixed length control field 250307b |||||||| |||| 00| 0 eng d
020 ## - INTERNATIONAL STANDARD BOOK NUMBER
ISBN 978-93-80231-31-0
100 ## - MAIN ENTRY--AUTHOR NAME
Personal name R Singh
245 ## - TITLE STATEMENT
Title Social Economic Offences
260 ## - PUBLICATION, DISTRIBUTION, ETC. (IMPRINT)
Place of publication Haryana
Name of publisher ALA
Year of publication 2022
300 ## - PHYSICAL DESCRIPTION
Number of Pages 464
942 ## - ADDED ENTRY ELEMENTS (KOHA)
Source of classification or shelving scheme Dewey Decimal Classification
Koha item type Books
Holdings
Accession Number Cost, normal purchase price Bill Date Source of acquisition Price effective from Koha item type Withdrawn / writtenoff status Damaged status Not for loan Permanent Location Current Location Shelving location Date acquired Lost/ Missing status department
LLB 1555 525.00 03-03-2025 Radha Krishna Anand & Co, Jammu 03/07/2025 Books     Not For Loan MIET Library, Jammu MIET Library, Jammu 205/5 03/03/2025   BBA LLB
LLB 1556 525.00 03-03-2025 Radha Krishna Anand & Co, Jammu 03/07/2025 Books       MIET Library, Jammu MIET Library, Jammu 182/6 03/03/2025   BBA LLB
LLB 1557 525.00 03-03-2025 Radha Krishna Anand & Co, Jammu 03/07/2025 Books       MIET Library, Jammu MIET Library, Jammu 182/6 03/03/2025   BBA LLB
LLB 1558 525.00 03-03-2025 Radha Krishna Anand & Co, Jammu 03/07/2025 Books       MIET Library, Jammu MIET Library, Jammu 182/6 03/03/2025   BBA LLB